000 00498nam a2200169Ia 4500
003 GCL
008 140319s9999 xx 000 0 ara d
040 _aGCL /
_cGCL
082 0 4 _a812.043
_bش ا
100 1 _aفؤاد دواره
245 1 0 _aالانسان والسلاح /
_cفؤاد دواره
700 1 _aشو، برنارد
490 _aروائع المسرح العالمى
_v0
650 0 4 _aالمسرحيات
650 0 4 _aالمسرحيات الانجليزية
942 _2ddc
_cBK
999 _c39890
_d39890